000 00603nam a2200265Ia 4500
005 20260306152959.0
008 008 260114s9999 xx 000 0 eng d
020 _a9780511570438
037 _aEBOOK
040 _aCRL
040 _beng
040 _cCRL
041 _2eng
041 _aeng
084 _qCRL
100 _aHay
245 0 _aAfrican American Theatre
250 _a1st ed
260 _bCambridge University Press
260 _c2010
650 _aAfrican Studies
856 _uhttps://doi.org/10.1017/CBO9780511570438
942 _cEBOOK
999 _c1701722
_d1701722